000 00701nam a2200229Ia 4500
003 OSt
005 20220926011939.0
006 a|||||r|||| 00| 0
007 ta
008 220923b |||||||| |||| 00| 0 eng d
037 _cGeneral Book
040 _aRTL
_cRTL
_beng
041 _2eng
_aeng
082 _aX:8, L4
100 _aSkibbins Gerald J.
_9315266
245 0 _aOrganizational evolution
_b A program for managing
260 _aNew York
_bAmerican Management Association U. S. A.
_c1974
300 _axvi, 267p. Bibliography chapterwise and p.255-57
_ccm.
650 _aManagement
_930681
942 _hX:8, L4
_cGB
_2CC
999 _c621315
_d621315